000 00664nam a2200277Ia 4500
005 20260121124648.0
008 008 260114s9999 xx 000 0 eng d
020 _a9781501771668
037 _aEBOOK
040 _aCRL
040 _beng
040 _cCRL
041 _2eng
041 _aeng
084 _qCRL
100 _aHart, Judy
_9979798
245 2 _aA National Park for Womens Rights
260 _bWalter de Gruyter
260 _bWalter de Gruyter
260 _c2023
650 _aPolitical Science
_9979799
856 _uhttp://www.degruyter.com/isbn/9781501771668
942 _cEBOOK
999 _c1556257
_d1556257